Statistics for Australias largest islands

Click here to take the quiz!

General Stats

  • This quiz has been taken 33 times
  • The average score is 4 of 9

Answer Stats

sqmilesAnswer% Correct
60637Tasmania
100%
4416Kangaroo
64%
5786Melville
50%
1653Fraser
45%
1359Flinders
45%
1091King
41%
2285Groote
27%
1693Bathurst
23%
1002Mornington
23%

Score Distribution

Percentile by Number Answered

Percent of People with Each Score

Your Score History

You have not taken this quiz